000
00320nam a2200145Ia 4500
100
_a
DGET
650
_a
Carpentery
942
_c
BK
654
_a
Turner 2nd Year Asssignment Test
245
_a
Turner 2nd Year Asssignment Test
260
_b
WILEY EASTERN LIMITED
300
_a
47
546
_a
ENGLISH
999
_c
25896
_d
25896